Statistiques concernant Paroles Disney #2

Cliquez ici pour prendre le quiz!

Statistiques générales

  • Ce quiz a été pris 3 183 fois
  • Le résultat moyen est 174 sur 318

Statistiques - réponses

Réponse% Correct
le
95%
Le
95%
Sous
95%
sous
95%
la
94%
La
94%
l'océan
94%
l'océan
88%
à
87%
a
87%
de
87%
est
84%
d'à
81%
te
81%
Les
80%
les
80%
mon
80%
dans
79%
il
78%
bien
77%
ça
75%
tout
74%
Tu
74%
tu
74%
mieux
73%
sur
73%
terre
73%
c'est
72%
C'est
72%
Et
72%
et
72%
On
71%
pas
71%
monde
70%
plus
69%
mer
68%
côté
66%
qui
66%
vie
66%
Ils
65%
ils
65%
que
65%
toujours
65%
ne
64%
poisson
64%
heureux
63%
pour
63%
des
62%
roseau
61%
vert
61%
se
60%
Toi
60%
Bonjour
59%
calamité
59%
marais
59%
tous
59%
vivre
59%
Ariel
56%
journée
56%
là-haut
56%
Là-haut
56%
fait
55%
toute
55%
jours
54%
Regarde
54%
esclavage
53%
parfumé
53%
trouver
53%
carnaval
52%
pourras
52%
t'entoure
52%
t'aimerais
50%
je
48%
bossent
46%
comme
46%
sont
46%
Nous
45%
nous
45%
prisonniers
45%
moi
44%
ont
44%
pagaille
44%
un
44%
Chez
42%
chez
42%
éponges
42%
Pendant
41%
plonge
41%
qu'on
41%
Si
41%
Doudou
40%
doudou
40%
qu'ils
40%
leur
39%
bocal
38%
écoute
37%
humains
37%
poissons
36%
dis
35%
vrai
33%
finira
32%
poêle
32%
régal
31%
tourner
31%
non
29%
raie
29%
sage
29%
vagues
29%
copains
28%
flippent
28%
n'est
28%
fendent
26%
l'extase
26%
pipe
26%
s'écaillent
26%
Oh
25%
vois
25%
cannibales
23%
leurs
23%
faut
22%
lancés
21%
reggae
21%
dire
20%
en
20%
du
18%
l'esturgeon
18%
au
17%
dynamite
16%
ton
16%
joue
15%
rythme
14%
super
14%
harpe
13%
basse
12%
carpe
11%
rascasse
11%
thon
11%
dieu
9%
rap
9%
missié
8%
Quand
8%
saxo
8%
souffle
8%
soul
8%
balance
7%
bar
7%
Vas-y
7%
fantastique
6%
rois
6%
aux
5%
certain
5%
garde
5%
sable
5%
bigorneaux
4%
faire
4%
frénétique
4%
lieu
4%
s'éclatent
4%
swingue
4%
tempo
4%
triton
4%
d'enfer
3%
donner
3%
marrent
3%
mers
3%
rock'n'roll
3%
sardine
3%
jazz-band
2%
limaces
2%
Ouais
2%
soles
2%
transe
2%
violons
2%
begin
1%
bongos
1%
clim-clams
1%
djembés
1%
flûtiau
1%
gardon
1%
Maquereaux
1%
sprat
1%
the
1%
turbot
1%
béguine
0%
gym-jam
0%

Distribution des résultats

Percentile par nombre de réponses

% des personnes avec chaque résultat

Votre développement - résultats

Vous n’avez pas pris ce quiz